000 00421nam a22001697a 4500
005 20260304131213.0
008 260304b |||||||| |||| 00| 0 eng d
020 _a9789789185306
050 _aNA1599.N53
_b.B37
100 _aBASSEY, NNIMMO
245 _aBEYOND SIMPLE LINES
260 _aIBADAN
_bKRAFT BOOKS LIMITED
_c1993
300 _a212p.
_bILL
650 _aBIOGRAPHY
700 _aNWAEZEN OKECHUKWU
942 _cBK
999 _c4579
_d4579